| 000 | 01609cam a22003614a 4500 | ||
|---|---|---|---|
| 001 | 11943476 | ||
| 003 | OSt | ||
| 005 | 20210924110708.0 | ||
| 008 | 000316s2000 nyua b 001 0 eng | ||
| 010 | _a 00036370 | ||
| 020 | _a9780306463914 | ||
| 038 | _akhadija | ||
| 040 |
_aDLC _cDLC _dDLC |
||
| 042 | _apcc | ||
| 050 | 0 | 0 |
_aR856 _b.D476 2000 |
| 082 | 0 | 0 |
_a610.28 _221 _bDEV |
| 100 | 1 |
_aDevasahayam, Suresh R. _982695 |
|
| 245 | 1 | 0 |
_aSignals And Systems In Biomedical Engineering : _bsignal processing and physiological systems modeling / _cSuresh R. Devasahayam. |
| 260 |
_aNew York : _bKluwer Academic/Plenum Publishers, _cc2000. |
||
| 300 |
_axvi, 337 p. : _bill. ; _c26 cm. + _e1 computer laser disc (4 3/4 in.) |
||
| 440 | 0 |
_aTopics in biomedical engineering international book series _982696 |
|
| 504 | _aIncludes bibliographical references and index. | ||
| 538 | _aSystem requirements for accompanying computer disc: PC and Windows95 or later operating system. | ||
| 563 | _ahardcover | ||
| 650 | 0 |
_aBiomedical engineering. _9798 |
|
| 650 | 0 |
_aSignal processing. _9723 |
|
| 650 | 0 |
_aPhysiology _xMathematical models. _982697 |
|
| 856 | 4 | 2 |
_3Publisher description _uhttp://www.loc.gov/catdir/enhancements/fy0819/00036370-d.html |
| 856 | 4 | 1 |
_3Table of contents only _uhttp://www.loc.gov/catdir/enhancements/fy0819/00036370-t.html |
| 906 |
_a7 _bcbc _corignew _d1 _eocip _f20 _gy-gencatlg |
||
| 942 |
_2ddc _cBK |
||
| 999 |
_c32342 _d32342 |
||